Disney - Charakter mit "J" - Statistiken

Allgemein
  • Dieses Quiz wurde 52 mal gespielt
  • Das Durchschnittsergebnis liegt bei 8 aus 23
Antwortstatistiken
Film /Serie Name % Korrekt
Aladdin Jasmin
80%
Fluch der Karibik Jack der Affe
75%
Die Hüter des Lichts Jack Frost
75%
Nightmare before Christmas Jack Skellington
75%
Fluch der Karibik Jack Sparrow
75%
Tarzan Jane
73%
Marry Poppins Jane Banks
73%
... & die Nimmerlandpiraten Jake
55%
Pocahontas John Smith
35%
Zoomania Judy Hopps
33%
Liebe geht durch den Magen James
23%
Toy Story 2 Jessie
23%
Aladdin Jago
20%
Pinocchio Jiminy Grille
15%
Alles steht Kopf Jill Andersen
13%
DuckTales Johann
13%
Alles steht Kopf Jordan
8%
Cinderella Jaques
5%
Zoomania Jerry Jumbeaux Jr.
5%
Das Dschungelbuch Junior
5%
Susi & Strolch Jock
3%
Ultimate Spider Man Juggernaut
3%
Alles steht Kopf Jangles der Clown
0%
Keine übereinstimmenden Quizze gefunden
Verteilung der Resultate
Anzahl Personen mit jedem Resultat
Perzentil nach korrekt beantworteten Fragen
Ihre Resultats-Entwicklung
Sie haben dieses Quiz noch nicht gespielt